Atlanta United players since 2000 - Statistics

General Stats
  • This quiz has been taken 6 times
  • The average score is 47 of 120
Answer Stats
Rank Player Positions Nationality Matches Goals (assists) Period % Correct
1 Brad Guzan GK 222 0 (1) 2017-2025
83%
3 Josef Martínez ST 134 98 (14) 2017-2022
83%
16 Ronald Hernández RB 70 2 (2) 2021-2025
83%
2 Brooks Lennon RB 168 9 (34) 2020-2025
67%
48 Gonzalo Martínez AM 36 7 (10) 2019-2020
67%
117 José Hernández LB 1 0 (0) 2018-2018
67%
8 Miguel Almirón RW 93 27 (25) 2017-2018, 2025-2025
67%
4 Miles Robinson CB 120 3 (3) 2018-2023
67%
14 Thiago Almada AM 77 23 (24) 2022-2024
67%
17 Anton Walkes CB 68 4 (1) 2017-2017, 2020-2021
50%
24 Bartosz Slisz DM 57 3 (1) 2024-2025
50%
13 Caleb Wiley LB 77 6 (5) 2022-2024
50%
107 Cooper Sanchez CM 2 0 (0) 2025-2025
50%
29 Darlington Nagbe CM 56 2 (6) 2018-2019
50%
40 Derrick Williams CB 44 1 (0) 2024-2025
50%
72 Erik López LW 19 1 (0) 2021-2021, 2023-2023
50%
12 Esequiel Barco AM 78 17 (12) 2018-2021
50%
34 George Bello LB 50 3 (4) 2018-2018, 2020-2021
50%
46 Greg Garza LB 37 3 (6) 2017-2018
50%
5 Jeff Larentowicz DM 110 4 (3) 2017-2020
50%
6 Julian Gressel RM 98 15 (32) 2017-2019
50%
7 Leandro González Pírez CB 95 3 (5) 2017-2019
50%
109 Lisandro López ST 2 0 (0) 2021-2021
50%
23 Luiz Araújo RW 59 11 (10) 2021-2023
50%
9 Matheus Rossetto CM 89 1 (3) 2020-2023
50%
10 Michael Parkhurst CB 86 0 (0) 2017-2019
50%
73 Romario Williams ST 19 1 (1) 2018-2019
50%
15 Saba Lobjanidze LW 72 12 (16) 2023-2025
50%
44 Xande Silva LW 40 4 (4) 2023-2025
50%
54 Yamil Asad LW 32 7 (11) 2017-2017
50%
74 Adam Jahn ST 18 3 (1) 2020-2020
33%
81 Aiden McFadden RB 11 0 (0) 2022-2022
33%
26 Ajani Fortune CM 56 2 (3) 2023-2025
33%
27 Alan Franco CB 56 1 (5) 2021-2022
33%
61 Alec Kann GK 24 0 (1) 2017-2018, 2021-2021
33%
42 Aleksey Miranchuk AM 42 9 (4) 2024-2025
33%
112 Alexander Tambakis GK 1 0 (0) 2017-2017
33%
90 Alex DeJohn CB 9 0 (0) 2021-2022
33%
28 Amar Sejdić DM 56 0 (1) 2021-2023
33%
82 Andrew Carleton LW 11 0 (1) 2017-2019
33%
41 Andrew Gutman LB 43 7 (3) 2022-2023
33%
113 Andrew Wheeler-Omiunu CM 1 0 (0) 2018-2018
33%
114 Bobby Boswell CB 1 0 (0) 2017-2017
33%
95 Bobby Shuttleworth GK 7 0 (0) 2022-2022
33%
53 Brandon Vazquez ST 32 3 (3) 2017-2019
33%
71 Brek Shea LM 19 0 (2) 2019-2019
33%
55 Carlos Carmona DM 31 2 (1) 2017-2017
33%
96 Cayman Togashi ST 7 0 (0) 2025-2025
33%
37 Chris McCann DM 45 1 (2) 2017-2018
33%
106 Clément Diop GK 2 0 (0) 2023-2023
33%
58 Daniel Ríos ST 27 7 (3) 2024-2024
33%
64 Dax McCarty CM 22 0 (0) 2024-2024
33%
63 Derrick Etienne Jr. LW 23 0 (1) 2023-2024
33%
75 Dion Pereira LW 18 0 (1) 2019-2019
33%
65 Dom Dwyer ST 22 4 (0) 2022-2022
33%
102 Dominik Chong Qui LB 3 0 (0) 2025-2025
33%
103 Edgar Castillo LB 3 0 (0) 2020-2020
33%
30 Edwin Mosquera LW 56 5 (5) 2022-2025
33%
91 Efraín Morales CB 9 0 (0) 2024-2025
33%
35 Emerson Hyndman CM 48 4 (4) 2019-2022
33%
56 Emmanuel Latte Lath ST 30 7 (3) 2025-2025
33%
92 Enea Mihaj CB 9 0 (1) 2025-2025
33%
52 Érick Torres ST 33 1 (0) 2020-2021
33%
31 Eric Remedi DM 56 1 (2) 2018-2020
33%
86 Fernando Meza CB 10 0 (0) 2020-2020
33%
80 Florentin Pogba CB 13 0 (0) 2019-2019
33%
22 Franco Escobar RB 60 2 (3) 2018-2020
33%
32 Franco Ibarra DM 53 0 (1) 2021-2023
33%
47 George Campbell CB 36 1 (0) 2020-2022
33%
45 Georgios Giakoumakis ST 38 22 (3) 2023-2024
33%
115 Harrison Heath CM 1 0 (0) 2017-2017
33%
11 Héctor Villalba RW 82 21 (19) 2017-2019
33%
116 Jack Gurr RB 1 0 (0) 2021-2021
33%
83 Jackson Conway ST 11 1 (0) 2021-2023
33%
87 Jacob Peterson RW 10 3 (0) 2017-2017
33%
38 Jake Mulraney RW 45 3 (3) 2020-2022
33%
25 Jamal Thiaré ST 57 11 (4) 2023-2025
33%
94 Jayden Hibbert GK 8 0 (0) 2025-2025
33%
79 Jon Gallagher RB 15 4 (1) 2020-2020
33%
104 Josh Cohen GK 3 0 (0) 2024-2024
33%
88 Juan Berrocal CB 10 0 (0) 2025-2025
33%
39 Juan José Purata CB 45 7 (0) 2022-2023
33%
62 Jürgen Damm RW 24 0 (4) 2020-2021
33%
69 Justin Meram LW 20 4 (0) 2019-2019
33%
76 Kenwyne Jones ST 17 2 (0) 2017-2017
33%
36 Kevin Kratz CM 48 3 (1) 2017-2019
33%
108 Kyle Reynish GK 2 0 (0) 2017-2017
33%
97 Laurence Wyke CB 7 0 (0) 2020-2020
33%
105 Leo Afonso LW 3 0 (0) 2025-2025
33%
21 Luis Abram CB 62 0 (0) 2023-2025
33%
66 Luke Brennan RM 22 0 (2) 2023-2025
33%
51 Machop Chol ST 34 2 (1) 2021-2023
33%
98 Manuel Castro RW 7 0 (0) 2020-2020
33%
18 Marcelino Moreno AM 68 13 (11) 2020-2022
33%
110 Mark Bloom RB 2 0 (0) 2017-2017
33%
77 Mateusz Klich CM 16 0 (1) 2025-2025
33%
67 Matthew Edwards CB 21 0 (1) 2024-2025
33%
59 Miguel Berry ST 27 1 (0) 2023-2023
33%
60 Mikey Ambrose LB 26 0 (1) 2017-2019, 2021-2022
33%
68 Mo Adams CM 21 1 (1) 2019-2021
33%
93 Nick Firmino CM 9 1 (0) 2023-2024
33%
49 Noah Cobb CB 35 0 (0) 2023-2025
33%
111 Nyk Sessock RB 2 0 (0) 2025-2025
33%
84 Osvaldo Alonso DM 11 0 (0) 2022-2023
33%
118 Patrick Weah ST 1 0 (0) 2025-2025
33%
119 Paul Christensen GK 1 0 (0) 2018-2018
33%
50 Pedro Amador LB 35 1 (4) 2024-2025
33%
99 Quentin Westberg GK 6 0 (0) 2023-2023
33%
100 Raúl Gudiño GK 6 0 (0) 2022-2022
33%
78 Rocco Ríos Novo GK 16 0 (0) 2022-2022
33%
57 Ronaldo Cisneros ST 28 7 (1) 2022-2022
33%
120 Salvatore Mazzaferro CB 1 0 (0) 2025-2025
33%
101 Sal Zizzo RB 6 0 (0) 2018-2018
33%
20 Santiago Sosa CB 63 1 (1) 2021-2023
33%
89 Steven Alzate CM 10 0 (1) 2025-2025
33%
43 Stian Gregersen CB 41 2 (1) 2024-2025
33%
19 Tristan Muyumba DM 64 2 (3) 2023-2025
33%
33 Tyler Wolff RW 53 6 (1) 2020-2024
33%
70 Tyrone Mears RB 20 1 (1) 2017-2017
33%
85 Will Reilly CM 11 1 (0) 2025-2025
33%
No matching quizzes found
Score Distribution
Percent of People with Each Score
Percentile by Number Answered
Your Score History
You have not taken this quiz